000 00601nam a2200193Ia 4500
008 220216s9999 xx 000 0 und d
100 _aMarattukalam J G
245 0 _aEffect of post-budding practices on establishment and growth of green budded plants of Hevea brasiliensis in the polybage nursery
260 _bNatural Rubber Research
_c2005
300 _a172-175
650 _aGreen budding
650 _aNursery practices
650 _aPolybag plants
700 _aChandrasekhar T R
700 _aMercykutty V C
700 _aPremakumari D
700 _aSaraswathyamma C K
942 _cBS
999 _c49005
_d49005